Statistics for Largest Indonesian Islands

Click here to take the quiz!

General Stats

  • This quiz has been taken 12,804 times
    (12,688 since last reset)
  • The average score is 7 of 21

Answer Stats

km2 Island % Correct
138,794Java
93%
748,168Borneo
89%
480,848Sumatra
85%
5,416Bali
71%
785,753New Guinea
71%
180,681Sulawesi
63%
28,418Timor
61%
4,625Lombok
26%
14,154Flores
23%
10,711Sumba
16%
14,386Sumbawa
13%
17,454Seram
11%
18,040Halmahera
11%
4,429Madura
11%
11,413Bangka
11%
5,121Nias
10%
4,478Belitung
10%
8,473Buru
9%
4,408Buton
8%
11,742Yos Sudarso
8%
3,828Siberut
7%

Score Distribution

Percentile by Number Answered

Percent of People with Each Score

Your Score History

You have not taken this quiz since the last reset